[Event "BL 1718 Speyer-Schwegenheim - Schachfre"]
[Site "?"]
[Date "2017.12.09"]
[Round "5.2"]
[White "Kantans, Toms"]
[Black "Mista, Aleksander"]
[Result "0-1"]
[WhiteElo "2484"]
[BlackElo "2587"]
[PlyCount "52"]
[EventDate "2017.??.??"]

1. e4 c5 2. Nf3 Nc6 3. d4 cxd4 4. Nxd4 g6 5. Nc3 Bg7 6. Be3 Nf6 7. Bc4 O-O 8.
Bb3 d6 9. f3 Bd7 10. Qd2 Rc8 11. h4 h5 12. O-O-O Ne5 13. g4 hxg4 14. h5 Nxh5
15. f4 Nc4 16. Bxc4 Rxc4 17. f5 Qa5 18. Kb1 Rxc3 19. bxc3 Rc8 20. Bg5 Ng3 21.
Rhe1 Rxc3 22. f6 exf6 23. Nb3 Rxb3+ 24. axb3 Qxd2 25. Bxd2 Bc6 26. Rg1 Nxe4 0-1

[Event "BL 1718 Speyer-Schwegenheim - Schachfre"]
[Site "?"]
[Date "2017.12.09"]
[Round "5.3"]
[White "Tomczak, Jacek"]
[Black "Meskovs, Nikita"]
[Result "0-1"]
[WhiteElo "2588"]
[BlackElo "2538"]
[PlyCount "96"]
[EventDate "2017.??.??"]

1. e4 e5 2. Nf3 Nc6 3. Bb5 a6 4. Ba4 Nf6 5. O-O Nxe4 6. d4 b5 7. Bb3 d5 8. dxe5
Be6 9. Qe2 Nc5 10. Rd1 Nxb3 11. axb3 Be7 12. c4 b4 13. Bf4 O-O 14. Nbd2 Qc8 15.
Bg5 Bxg5 16. Nxg5 Rd8 17. cxd5 Bxd5 18. e6 f6 19. e7 Nxe7 20. Qxe7 fxg5 21.
Qxg5 Qe6 22. Nc4 Rd7 23. Re1 Qf6 24. Qxf6 gxf6 25. Rec1 Rad8 26. g3 Bf3 27. Ne3
Be2 28. Kg2 Bb5 29. Rc5 c6 30. Nc2 Rd2 31. Re1 a5 32. Re7 R8d5 33. Rxd5 cxd5
34. Ne3 Rxb2 35. Nf5 Bd3 36. Re8+ Kf7 37. Nd6+ Kg7 38. Ra8 Ra2 39. Rb8 Bc2 40.
g4 a4 41. Nf5+ Kf7 42. Rb7+ Ke8 43. Rb8+ Kd7 44. Rb7+ Kc6 45. Rxb4 axb3 46. Kg3
Kc5 47. Rb8 b2 48. Rc8+ Kb4 0-1

[Event "BL 1718 Speyer-Schwegenheim - Schachfre"]
[Site "?"]
[Date "2017.12.09"]
[Round "5.4"]
[White "Shytaj, Luca"]
[Black "Schneider, Ilja"]
[Result "1/2-1/2"]
[WhiteElo "2459"]
[BlackElo "2517"]
[PlyCount "79"]
[EventDate "2017.??.??"]

1. e4 d6 2. d4 Nf6 3. Nc3 e5 4. Nf3 exd4 5. Nxd4 Be7 6. g3 Nc6 7. Bg2 Nxd4 8.
Qxd4 O-O 9. O-O Be6 10. h3 Qc8 11. Kh2 Rd8 12. f4 c6 13. Qf2 b5 14. a3 a5 15.
Be3 Re8 16. Rfd1 b4 17. Na4 Nd7 18. Qf1 f6 19. Qd3 Qc7 20. b3 Kh8 21. Bf2 bxa3
22. Rxa3 d5 23. Raa1 Rad8 24. exd5 Bxd5 25. Bxd5 cxd5 26. Qxd5 Qxc2 27. Rd2 Qc7
28. Rad1 Ne5 29. Qe4 Rxd2 30. Rxd2 Bb4 31. Rc2 Nf3+ 32. Kg2 Ne1+ 33. Bxe1 Qb8
34. Qc6 Bxe1 35. Nb6 Qd8 36. Nd5 Bb4 37. Qb7 Bd6 38. Rd2 Qb8 39. Qxb8 Rxb8 40.
Ne3 1/2-1/2

[Event "BL 1718 Speyer-Schwegenheim - Schachfre"]
[Site "?"]
[Date "2017.12.09"]
[Round "5.5"]
[White "Jakubowski, Krzysztof"]
[Black "Yankelevich, Lev"]
[Result "1-0"]
[WhiteElo "2526"]
[BlackElo "2435"]
[PlyCount "125"]
[EventDate "2017.??.??"]

1. c4 e6 2. d4 Nf6 3. Nf3 d5 4. Nc3 a6 5. cxd5 exd5 6. Bg5 Be6 7. g3 Nbd7 8.
Bg2 Bd6 9. O-O h6 10. Bxf6 Nxf6 11. Qb3 Rb8 12. Rac1 O-O 13. Na4 c6 14. Nc5 Bf5
15. Nd2 h5 16. f3 Re8 17. Rfe1 h4 18. g4 Bg6 19. Qc3 h3 20. Bxh3 Nh7 21. Nf1
Qh4 22. Bg2 Re7 23. Nd3 Rbe8 24. e3 Ng5 25. Nf2 f6 26. Qd2 Kf7 27. f4 Ne4 28.
Bxe4 Bxe4 29. Ng3 g5 30. Nfxe4 dxe4 31. Qe2 Qh3 32. Nf5 Re6 33. fxg5 Rh8 34.
Nxd6+ Rxd6 35. Qg2 Rd5 36. Qxh3 Rxh3 37. Kg2 Rh4 38. Kg3 fxg5 39. Rf1+ Ke6 40.
Rf8 Rd7 41. Re8+ Kd6 42. h3 Rdh7 43. Rh1 Rf7 44. Rxe4 Rh6 45. Re5 Rhf6 46. Rxg5
Rf3+ 47. Kh4 Rxe3 48. Rh2 Rd3 49. Rg6+ Kd7 50. Kg5 Rxd4 51. h4 Ke7 52. h5 Kf8
53. h6 Rd5+ 54. Kh4 Rd1 55. g5 Rg1 56. Kh5 a5 57. Re6 Kg8 58. Kg6 Rf8 59. Rd2
Kh8 60. Rd7 Rg8+ 61. Rg7 Rd8 62. Rh7+ Kg8 63. Rxb7 1-0

[Event "BL 1718 Speyer-Schwegenheim - Schachfre"]
[Site "?"]
[Date "2017.12.09"]
[Round "5.6"]
[White "Commercon, Simon"]
[Black "Schreiner, Peter"]
[Result "0-1"]
[WhiteElo "2269"]
[BlackElo "2457"]
[PlyCount "56"]
[EventDate "2017.??.??"]

1. d4 Nf6 2. c4 g6 3. Nc3 d5 4. cxd5 Nxd5 5. e4 Nxc3 6. bxc3 Bg7 7. Bc4 c5 8.
Ne2 Nc6 9. Be3 O-O 10. h4 Qa5 11. Kf1 b5 12. Bd5 Bb7 13. h5 e6 14. hxg6 exd5
15. gxh7+ Kh8 16. exd5 Ne7 17. d6 Nf5 18. dxc5 Nxe3+ 19. fxe3 Rae8 20. Qd2 Re5
21. Nd4 Rxc5 22. Kg1 Rg5 23. e4 Rg6 24. Re1 Rxd6 25. e5 Rg6 26. Re2 Qb6 27. Qe3
Rg4 28. Rh5 b4 0-1

[Event "BL 1718 Speyer-Schwegenheim - Schachfre"]
[Site "?"]
[Date "2017.12.09"]
[Round "5.7"]
[White "Baldauf, Marco"]
[Black "Kraemer, Enrico"]
[Result "1/2-1/2"]
[WhiteElo "2498"]
[BlackElo "2146"]
[PlyCount "59"]
[EventDate "2017.??.??"]

1. c4 e6 2. Nc3 d5 3. d4 Bb4 4. a3 Bxc3+ 5. bxc3 Nf6 6. cxd5 exd5 7. e3 Bf5 8.
f3 O-O 9. Ne2 Re8 10. g4 Bxg4 11. fxg4 Nxg4 12. Ng3 Nxe3 13. Bxe3 Qg5 14. Be2
Rxe3 15. Rf1 g6 16. Rf3 Rxf3 17. Bxf3 Nd7 18. Qc1 Qh4 19. Qd2 Re8+ 20. Kf1 Nb6
21. Re1 Rxe1+ 22. Kxe1 Nc4 23. Qe2 c6 24. a4 Qf4 25. Kf2 Kf8 26. Nf1 h5 27. h3
Qc1 28. Qe1 Qf4 29. Kg2 h4 30. Kf2 1/2-1/2

[Event "BL 1718 Speyer-Schwegenheim - Schachfre"]
[Site "?"]
[Date "2017.12.09"]
[Round "5.8"]
[White "Mager, Denis"]
[Black "Lauber, Arnd"]
[Result "0-1"]
[WhiteElo "2280"]
[BlackElo "2432"]
[PlyCount "70"]
[EventDate "2017.??.??"]

1. c4 e6 2. Nc3 d5 3. d4 Bb4 4. Nf3 Nf6 5. e3 O-O 6. Bd3 b6 7. Qc2 dxc4 8. Bxc4
Bb7 9. a3 Bxc3+ 10. bxc3 c5 11. O-O Qc7 12. Bd3 Nbd7 13. Qe2 Be4 14. Nd2 Bxd3
15. Qxd3 Rac8 16. Rd1 cxd4 17. cxd4 Qc2 18. Qxc2 Rxc2 19. a4 Rfc8 20. Ba3 Nd5
21. Ne4 N7f6 22. Nxf6+ gxf6 23. a5 bxa5 24. Bc5 Rb8 25. Rdc1 Rxc1+ 26. Rxc1 a4
27. Bd6 Rb3 28. Ra1 Nc3 29. Be7 Rb1+ 30. Rxb1 Nxb1 31. e4 a3 32. d5 exd5 33.
exd5 a2 34. Bxf6 Kf8 35. d6 Ke8 0-1

[Event "BL 1718 Hamburger SK - SG Solingen"]
[Site "Hamburg"]
[Date "2017.12.09"]
[Round "5.1"]
[White "Rapport, Richard"]
[Black "Svane, Rasmus"]
[Result "1/2-1/2"]
[WhiteElo "2707"]
[BlackElo "2597"]
[PlyCount "170"]
[EventDate "2017.??.??"]

1. d4 d5 2. c4 c6 3. Nc3 Nf6 4. e3 a6 5. Bd2 e6 6. Nf3 Nbd7 7. Qc2 b6 8. e4
dxe4 9. Nxe4 Nxe4 10. Qxe4 Nf6 11. Qh4 c5 12. d5 Be7 13. O-O-O exd5 14. cxd5
Ng4 15. Bg5 Bxg5+ 16. Nxg5 Qf6 17. f3 h6 18. Qe1+ Ne5 19. Ne4 Qf4+ 20. Nd2 O-O
21. g3 Qf5 22. Qe3 Bb7 23. g4 Qf6 24. f4 Nxg4 25. Qg3 Bxd5 26. Rg1 h5 27. h3
Nh6 28. Bd3 c4 29. Bc2 c3 30. bxc3 Rfd8 31. Qg5 Kf8 32. Kb2 Rac8 33. Qxf6 gxf6
34. Ne4 Bxe4 35. Bxe4 Re8 36. Rd4 Rc5 37. Kc2 Nf5 38. Bxf5 Rxf5 39. Kd2 Rc8 40.
Rb1 b5 41. a4 Rfc5 42. axb5 axb5 43. Rb3 Kg7 44. Rdb4 Rd5+ 45. Ke3 Re8+ 46. Re4
Rc8 47. Reb4 Kg6 48. Ke4 Rd1 49. Rxb5 Re8+ 50. Kf3 Rd3+ 51. Kf2 Rxh3 52. c4
Rh2+ 53. Kf3 Ree2 54. Rc5 Rc2 55. Rb6 Rh3+ 56. Ke4 Re2+ 57. Kd4 Rd2+ 58. Ke4
Re2+ 59. Kd4 Kg7 60. Rcc6 f5 61. Rb7 Re4+ 62. Kc5 Rc3 63. Kd5 Rd3+ 64. Kc5 Rc3
65. Kd5 Rxf4 66. Rcc7 Kg6 67. c5 Rfc4 68. c6 f4 69. Rxf7 Rxc6 70. Rxf4 Kg5 71.
Rd4 Rg6 72. Rbb4 Rf3 73. Re4 Rgf6 74. Rb8 R3f5+ 75. Kd4 Rg6 76. Ke3 Ra5 77. Rf8
Rb6 78. Rg8+ Kh6 79. Kf4 Rf6+ 80. Kg3 Ra3+ 81. Kh4 Ra1 82. Rh8+ Kg7 83. Rhe8
Rh1+ 84. Kg3 Rg1+ 85. Kh2 Rg4 1/2-1/2

[Event "BL 1718 Hamburger SK - SG Solingen"]
[Site "Hamburg"]
[Date "2017.12.09"]
[Round "5.2"]
[White "Huschenbeth, Niclas"]
[Black "Ragger, Markus"]
[Result "0-1"]
[WhiteElo "2594"]
[BlackElo "2657"]
[PlyCount "98"]
[EventDate "2017.??.??"]

1. e4 e5 2. Nf3 Nc6 3. Bb5 a6 4. Ba4 Nf6 5. d3 b5 6. Bb3 Bc5 7. Nc3 d6 8. Nd5
h6 9. c3 Rb8 10. O-O O-O 11. d4 Ba7 12. Be3 Nxd5 13. Bxd5 Ne7 14. dxe5 Bxe3 15.
fxe3 Nxd5 16. exd5 dxe5 17. Nxe5 Bb7 18. Nc6 Bxc6 19. dxc6 Rb6 20. Qf3 Qe8 21.
a4 Rxc6 22. axb5 axb5 23. Ra7 Rf6 24. Qg3 Rxf1+ 25. Kxf1 Qe4 26. Qxc7 Qxe3 27.
b4 Qd3+ 28. Kg1 Qb1+ 29. Kf2 Qf5+ 30. Kg1 Rc8 31. Qd7 Qb1+ 32. Kf2 Qc2+ 33. Kf1
Qc1+ 34. Ke2 Qxc3 35. Qxf7+ Kh8 36. Re7 Qb2+ 37. Kf3 Rc3+ 38. Re3 Qxb4 39. Qe6
Qd4 40. Qe8+ Kh7 41. Rxc3 Qxc3+ 42. Ke2 Qc2+ 43. Ke3 b4 44. Qb5 b3 45. Qd3+
Qxd3+ 46. Kxd3 Kg6 47. Kc3 Kf5 48. Kxb3 Ke4 49. Kc4 g5 0-1

[Event "BL 1718 Hamburger SK - SG Solingen"]
[Site "Hamburg"]
[Date "2017.12.09"]
[Round "5.3"]
[White "Van Wely, Loek"]
[Black "Kempinski, Robert"]
[Result "1-0"]
[WhiteElo "2657"]
[BlackElo "2571"]
[PlyCount "87"]
[EventDate "2017.??.??"]

1. d4 Nf6 2. c4 b6 3. Nc3 Bb7 4. Nf3 e6 5. a3 d5 6. Bg5 Be7 7. Qa4+ Qd7 8. Qc2
O-O 9. e3 dxc4 10. Bxc4 h6 11. Bxf6 Bxf6 12. Ne4 Qe7 13. h4 Nd7 14. Neg5 g6 15.
Nxe6 fxe6 16. Qxg6+ Kh8 17. Qxh6+ Qh7 18. Qxh7+ Kxh7 19. Ng5+ Bxg5 20. hxg5+
Kg6 21. Bxe6 Rh8 22. Rxh8 Rxh8 23. Bh3 Rh7 24. Rc1 c5 25. f4 Re7 26. Kf2 Bd5
27. Rd1 c4 28. Bg4 Rh7 29. Bf3 Bxf3 30. Kxf3 b5 31. Kg4 Rh2 32. f5+ Kg7 33. Kf3
Rh5 34. Kg4 Rh2 35. Rd2 Rh1 36. e4 Re1 37. e5 Nb6 38. g6 Nd5 39. Kg5 Rf1 40. g4
a5 41. Rh2 Kg8 42. f6 Nc7 43. f7+ Kf8 44. d5 1-0

[Event "BL 1718 Hamburger SK - SG Solingen"]
[Site "Hamburg"]
[Date "2017.12.09"]
[Round "5.4"]
[White "Hansen, Sune Berg"]
[Black "Bok, Benjamin"]
[Result "1/2-1/2"]
[WhiteElo "2578"]
[BlackElo "2601"]
[PlyCount "131"]
[EventDate "2017.??.??"]

1. e4 c5 2. Nf3 d6 3. Bb5+ Nd7 4. a4 Ngf6 5. Nc3 a6 6. Bc4 g6 7. a5 e6 8. d3
Bg7 9. O-O O-O 10. Re1 b5 11. axb6 Qxb6 12. Bb3 Bb7 13. h3 d5 14. e5 Ne8 15.
Ba4 Bc6 16. Bg5 Nc7 17. Bxc6 Qxc6 18. Qd2 Nb5 19. Bh6 Nd4 20. Nxd4 Bxh6 21.
Qxh6 cxd4 22. Ne2 Nxe5 23. Nxd4 Qb6 24. Ra4 Nd7 25. b3 Rfc8 26. Re3 Qc5 27. Qh4
e5 28. Nf3 Qxc2 29. Nxe5 Nxe5 30. Rxe5 Qxd3 31. Rf4 Ra7 32. Rf3 Qd1+ 33. Kh2
Rd7 34. Qf6 a5 35. h4 Qc1 36. Rfe3 Rdd8 37. Re7 Rf8 38. h5 Qc6 39. R3e6 Qxe6
40. Rxe6 fxe6 41. Qxe6+ Kg7 42. Qxd5 gxh5 43. Qg5+ Kh8 44. Qxa5 Rf6 45. Qxh5
Rcc6 46. Qe5 Kg8 47. f4 Rb6 48. f5 Rf7 49. Qd5 Rbf6 50. g4 h5 51. Kg3 hxg4 52.
Kxg4 Ra6 53. Kf4 Ra1 54. Qd8+ Kh7 55. Qh4+ Kg8 56. Qg5+ Kh8 57. f6 Raa7 58.
Qh5+ Kg8 59. Qg5+ Kf8 60. Qf5 Rac7 61. Kg5 Rc6 62. Qe5 Rb7 63. Qh2 Kg8 64. Qg2
Rg7+ 65. fxg7 Rg6+ 66. Kxg6 1/2-1/2

[Event "BL 1718 Hamburger SK - SG Solingen"]
[Site "Hamburg"]
[Date "2017.12.09"]
[Round "5.5"]
[White "Predojevic, Borki"]
[Black "Lampert, Jonas"]
[Result "1/2-1/2"]
[WhiteElo "2625"]
[BlackElo "2511"]
[PlyCount "50"]
[EventDate "2017.??.??"]

1. Nf3 d5 2. g3 g6 3. Bg2 Bg7 4. d4 Nd7 5. O-O Ngf6 6. a4 a5 7. b3 b6 8. c4 Bb7
9. Nc3 dxc4 10. bxc4 c5 11. e3 O-O 12. Nb5 Ne8 13. Ba3 Nd6 14. Rc1 Rc8 15. Nxd6
exd6 16. d5 Re8 17. Qb3 Rb8 18. Nd2 Bc8 19. Bb2 Ne5 20. Rc2 Rb7 21. h3 f5 22.
f4 Nd7 23. e4 Bd4+ 24. Kh2 Nf6 25. Bxd4 cxd4 1/2-1/2

[Event "BL 1718 Hamburger SK - SG Solingen"]
[Site "Hamburg"]
[Date "2017.12.09"]
[Round "5.6"]
[White "Heinemann, Thies"]
[Black "Andersen, Mads"]
[Result "1/2-1/2"]
[WhiteElo "2489"]
[BlackElo "2598"]
[PlyCount "63"]
[EventDate "2017.??.??"]

1. e4 c5 2. Nf3 d6 3. Bb5+ Bd7 4. Bxd7+ Nxd7 5. O-O Ngf6 6. Re1 e6 7. b3 Be7 8.
c4 Ne5 9. Qe2 Nfd7 10. Bb2 Bf6 11. Bc3 O-O 12. Rd1 Nxf3+ 13. Qxf3 Ne5 14. Qe3
Nc6 15. Bxf6 Qxf6 16. Nc3 Nd4 17. Rac1 a6 18. Ne2 Nxe2+ 19. Qxe2 Qb2 20. Ra1
Rfd8 21. Qe3 b5 22. Rdb1 Qe5 23. cxb5 axb5 24. a4 Ra5 25. Rd1 Rda8 26. d4 cxd4
27. Qxd4 Kf8 28. Qxd6+ Qxd6 29. Rxd6 bxa4 30. bxa4 Rxa4 31. Rxa4 Rxa4 32. f3
1/2-1/2

[Event "BL 1718 Hamburger SK - SG Solingen"]
[Site "Hamburg"]
[Date "2017.12.09"]
[Round "5.7"]
[White "Nikolic, Predrag"]
[Black "Rogozenco, Dorian"]
[Result "1-0"]
[WhiteElo "2590"]
[BlackElo "2483"]
[PlyCount "89"]
[EventDate "2017.??.??"]

1. d4 d5 2. c4 c6 3. Nc3 Nf6 4. e3 a6 5. Bd2 g6 6. Nf3 Bg7 7. h3 O-O 8. Rc1 e6
9. Be2 Nbd7 10. O-O dxc4 11. Bxc4 c5 12. Be2 b6 13. dxc5 Nxc5 14. Na4 Nxa4 15.
Qxa4 Bb7 16. Bb4 Re8 17. Rfd1 Bd5 18. Qa3 Ne4 19. Bc4 Qf6 20. Bxd5 exd5 21. Bc3
Nxc3 22. Rxc3 Red8 23. Qb3 h6 24. Rxd5 Rxd5 25. Qxd5 Rd8 26. Qb3 b5 27. Nd4 Rd7
28. Rc6 Qg5 29. Qc3 Bxd4 30. exd4 Qd5 31. Rxa6 Qxd4 32. Ra8+ Kg7 33. Qc8 Qd1+
34. Kh2 Kf6 35. Qh8+ Kf5 36. Ra6 Rd6 37. Ra3 Rd3 38. Qc8+ Kf6 39. Ra6+ Kg7 40.
Ra8 Kf6 41. Qh8+ Kf5 42. g4+ Ke6 43. Ra6+ Rd6 44. Qe8+ Kf6 45. Qxb5 1-0

[Event "BL 1718 Hamburger SK - SG Solingen"]
[Site "Hamburg"]
[Date "2017.12.09"]
[Round "5.8"]
[White "Sebastian, Dirk"]
[Black "Naumann, Alexander"]
[Result "1/2-1/2"]
[WhiteElo "2439"]
[BlackElo "2564"]
[PlyCount "40"]
[EventDate "2017.??.??"]

1. c4 e5 2. g3 c6 3. Nf3 e4 4. Nd4 d5 5. cxd5 Qxd5 6. Nc2 Nf6 7. Nc3 Qe5 8. Bg2
Bc5 9. Ne3 O-O 10. Qc2 Bxe3 11. fxe3 Bf5 12. O-O Nbd7 13. b3 Rfe8 14. Bb2 Qe6
15. Rf4 Bg6 16. Raf1 Rad8 17. Ba1 Nd5 18. Nxd5 Qxd5 19. Qc3 f6 20. Rc1 Qe6
1/2-1/2

[Event "BL 1718 SK Norderstedt - DJK Aachen"]
[Site "Hamburg"]
[Date "2017.12.09"]
[Round "5.1"]
[White "van Foreest, Jorden"]
[Black "Kopylov, Michael"]
[Result "1-0"]
[WhiteElo "2629"]
[BlackElo "2414"]
[PlyCount "155"]
[EventDate "2017.??.??"]

1. e4 e5 2. Nf3 Nf6 3. Nxe5 d6 4. Nf3 Nxe4 5. d4 d5 6. Bd3 Be7 7. Nbd2 Nxd2 8.
Bxd2 Nc6 9. c3 Bg4 10. O-O O-O 11. h3 Bh5 12. g3 Bd6 13. Re1 Na5 14. b3 Nc6 15.
Kg2 Bg6 16. Bxg6 fxg6 17. Ng5 Qf6 18. Qf3 Qxf3+ 19. Nxf3 Rae8 20. c4 dxc4 21.
bxc4 b6 22. Rad1 h6 23. h4 Kf7 24. Be3 Rd8 25. Rb1 Rfe8 26. Rec1 Ba3 27. Rc3
Be7 28. c5 bxc5 29. dxc5 Rb8 30. Rbc1 Bf6 31. R3c2 Re4 32. Bf4 Rb7 33. Rd1 Nb4
34. Rb1 Rb5 35. Bxc7 a6 36. a4 Nxc2 37. axb5 axb5 38. Rxb5 Rc4 39. Ne5+ Bxe5
40. Bxe5 Ne1+ 41. Kf1 Nd3 42. Rb7+ Ke6 43. Bxg7 h5 44. Bh8 Rxc5 45. Rg7 Kf5 46.
Rf7+ Ke4 47. Re7+ Kf5 48. Ke2 Rd5 49. Kf3 Rd6 50. Bc3 Rc6 51. Bd4 Rd6 52. Bc3
Rc6 53. Rf7+ Ke6 54. Rf6+ Kd5 55. Rxc6 Kxc6 56. Ke3 Nc5 57. Kd4 Nd7 58. Bb4 Nf6
59. f3 Nd5 60. Ba3 Nb6 61. Ke5 Nc4+ 62. Kf6 Nxa3 63. Kxg6 Kd7 64. Kxh5 Nc2 65.
Kg6 Ke8 66. h5 Kf8 67. g4 Ne1 68. f4 Nd3 69. Kf5 Kf7 70. g5 Kg7 71. h6+ Kh7 72.
Kg4 Kg6 73. Kf3 Nc5 74. f5+ Kh7 75. Kf4 Nd3+ 76. Kg4 Nf2+ 77. Kh5 Ne4 78. f6
1-0

[Event "BL 1718 SK Norderstedt - DJK Aachen"]
[Site "Hamburg"]
[Date "2017.12.09"]
[Round "5.2"]
[White "Krause, Benedict"]
[Black "Lupulescu, Constantin"]
[Result "0-1"]
[WhiteElo "2455"]
[BlackElo "2633"]
[PlyCount "124"]
[EventDate "2017.??.??"]

1. e4 c5 2. Nf3 Nc6 3. d4 cxd4 4. Nxd4 Nf6 5. Nc3 d6 6. Bg5 e6 7. Qd2 a6 8.
O-O-O Bd7 9. f4 b5 10. Bxf6 gxf6 11. Nxc6 Bxc6 12. Kb1 b4 13. Ne2 Bxe4 14. Ng3
Bc6 15. f5 e5 16. Bc4 a5 17. Bd5 Rc8 18. Ne4 Bxd5 19. Qxd5 Be7 20. g4 Qc7 21.
Rd2 Qc6 22. b3 Rg8 23. g5 fxg5 24. f6 Bf8 25. Rhd1 Qxd5 26. Rxd5 Rd8 27. Rxa5
Rg6 28. Rad5 g4 29. a4 bxa3 30. c4 Rh6 31. R1d2 Rh3 32. Ka2 Rb8 33. Nxd6+ Bxd6
34. Rxd6 Rhxb3 35. R2d5 Re3 36. Rb5 Rd8 37. Rxd8+ Kxd8 38. Rb7 Rh3 39. Rxf7 h5
40. Rh7 Rxh2+ 41. Kxa3 Ke8 42. Kb3 Rh1 43. c5 Rc1 44. Rxh5 Kf7 45. Rxe5 Kxf6
46. Rd5 g3 47. Kb2 g2 48. Kxc1 g1=Q+ 49. Kc2 Qg2+ 50. Rd2 Qe4+ 51. Rd3 Ke5 52.
Kd2 Qb4+ 53. Kc2 Qxc5+ 54. Rc3 Qa5 55. Kb2 Kd4 56. Rb3 Qd2+ 57. Kb1 Kc4 58. Ra3
Kb4 59. Ra2 Qd3+ 60. Kb2 Qd1 61. Ra1 Qd2+ 62. Kb1 Kb3 0-1

[Event "BL 1718 SK Norderstedt - DJK Aachen"]
[Site "Hamburg"]
[Date "2017.12.09"]
[Round "5.3"]
[White "Parligras, Mircea Emilian"]
[Black "Parvanyan, Ashot"]
[Result "1-0"]
[WhiteElo "2628"]
[BlackElo "2376"]
[PlyCount "75"]
[EventDate "2017.??.??"]

1. d4 Nf6 2. c4 g6 3. Nc3 Bg7 4. e4 d6 5. h3 O-O 6. Be3 c5 7. Nf3 Qa5 8. Qd2
Nc6 9. d5 Nd4 10. Rd1 Nxf3+ 11. gxf3 Nh5 12. Bh6 f5 13. Bxg7 Kxg7 14. Rg1 fxe4
15. fxe4 Nf4 16. Rg3 Bd7 17. Rf3 Nh5 18. Be2 Rxf3 19. Bxf3 Nf6 20. h4 Qb4 21.
Qe2 Re8 22. Rd2 e5 23. dxe6 Rxe6 24. Kd1 Bc6 25. Kc1 a6 26. h5 b5 27. cxb5 axb5
28. h6+ Kxh6 29. Bg4 Nxg4 30. Qxg4 Rf6 31. Rxd6 Rxd6 32. Qf4+ Kh5 33. Qxd6 Bxe4
34. Qh2+ Kg4 35. Qg3+ Kh5 36. f4 Kh6 37. Qg5+ Kg7 38. Qe7+ 1-0

[Event "BL 1718 SK Norderstedt - DJK Aachen"]
[Site "Hamburg"]
[Date "2017.12.09"]
[Round "5.4"]
[White "Powierski, Emil"]
[Black "Bindrich, Falko"]
[Result "0-1"]
[WhiteElo "2321"]
[BlackElo "2604"]
[PlyCount "90"]
[EventDate "2017.??.??"]

1. e4 c5 2. c3 d5 3. exd5 Qxd5 4. d4 Nf6 5. Nf3 e6 6. Be3 cxd4 7. cxd4 Be7 8.
a3 O-O 9. Nc3 Qd6 10. g3 Bd7 11. Bg2 Bc6 12. O-O Nd5 13. Qd3 Nd7 14. Rfd1 Rac8
15. Ne4 Qc7 16. b4 b6 17. Rac1 Qb8 18. Bg5 h6 19. Bxe7 Nxe7 20. Ne5 Nxe5 21.
dxe5 Ba4 22. Nd6 Bxd1 23. Nxc8 Rxc8 24. Rxc8+ Qxc8 25. Qxd1 Ng6 26. f4 Qc3 27.
Qa4 Qd4+ 28. Kf1 a5 29. Qe8+ Nf8 30. bxa5 bxa5 31. Qe7 g5 32. fxg5 Qd1+ 33. Kf2
Qd2+ 34. Kf1 hxg5 35. Qd6 Qe3 36. Bc6 Ng6 37. Qd8+ Kh7 38. Be8 Qxe5 39. Qd3 Kg7
40. Qf3 Qa1+ 41. Kg2 Ne5 42. Qe3 Qb2+ 43. Kf1 Qb1+ 44. Kg2 Qc2+ 45. Kg1 Qxh2+
0-1

[Event "BL 1718 SK Norderstedt - DJK Aachen"]
[Site "Hamburg"]
[Date "2017.12.09"]
[Round "5.5"]
[White "Nijboer, Friso"]
[Black "Meyer, Falko"]
[Result "1/2-1/2"]
[WhiteElo "2517"]
[BlackElo "2216"]
[PlyCount "84"]
[EventDate "2017.??.??"]

1. e4 c6 2. d4 d5 3. e5 Bf5 4. Nf3 e6 5. Be2 Nd7 6. Nbd2 h6 7. O-O Ne7 8. Nb3
Bg6 9. a4 Nf5 10. a5 Be7 11. c4 dxc4 12. Bxc4 O-O 13. h3 Qc7 14. Bf4 Rad8 15.
Qe2 c5 16. d5 exd5 17. Bxd5 Nb8 18. Qc4 b5 19. axb6 Qxb6 20. e6 fxe6 21. Bxe6+
Kh8 22. Ne5 Be8 23. Bf7 Bb5 24. Qc2 Bd3 25. Nxd3 Rxf7 26. Ne5 Rf6 27. Nc4 Qb7
28. Be5 Rff8 29. Nba5 Qa8 30. Ra3 Qd5 31. Re1 Bg5 32. Rf3 Nh4 33. Rxf8+ Rxf8
34. Qe4 Qf7 35. f4 Bf6 36. Bxf6 Qxf6 37. Qe5 Qg6 38. Qe4 Rxf4 39. Qxg6 Nxg6 40.
Re6 Rf6 41. Re8+ Rf8 42. Re6 Rf6 1/2-1/2

[Event "BL 1718 SK Norderstedt - DJK Aachen"]
[Site "Hamburg"]
[Date "2017.12.09"]
[Round "5.6"]
[White "Polischuk, Viktor"]
[Black "van Foreest, Lucas"]
[Result "0-1"]
[WhiteElo "2292"]
[BlackElo "2481"]
[PlyCount "68"]
[EventDate "2017.??.??"]

1. e4 e5 2. Nf3 Nc6 3. Bc4 Bc5 4. O-O Nf6 5. d3 d6 6. c3 O-O 7. h3 Ne7 8. d4
Bb6 9. Qc2 exd4 10. Nxd4 Nxe4 11. Qxe4 d5 12. Qe2 dxc4 13. Bg5 f6 14. Bf4 Ng6
15. Qxc4+ Kh8 16. Bg3 f5 17. Nd2 f4 18. Bh2 Bxd4 19. Qxd4 Qh4 20. Rfe1 Bf5 21.
Nf3 Qh5 22. Ne5 Nxe5 23. Rxe5 f3 24. Re7 Rg8 25. Be5 Qg5 26. Rxg7 Rxg7 27. g4
Be6 28. Re1 Bf7 29. h4 c5 30. Qd7 Qxh4 31. Bxg7+ Kxg7 32. Re7 Rf8 33. Qe6 Kg8
34. Qe4 Qh3 0-1

[Event "BL 1718 SK Norderstedt - DJK Aachen"]
[Site "Hamburg"]
[Date "2017.12.09"]
[Round "5.7"]
[White "Zaragatski, Ilja"]
[Black "Kahlert, Thomas"]
[Result "1-0"]
[WhiteElo "2487"]
[BlackElo "2205"]
[PlyCount "75"]
[EventDate "2017.??.??"]

1. c4 e5 2. g3 Nc6 3. Bg2 g6 4. Nc3 Bg7 5. Rb1 d6 6. b4 a6 7. d3 Nge7 8. a4 O-O
9. b5 axb5 10. axb5 Nd4 11. e3 Ne6 12. Nge2 f5 13. f4 Kh8 14. O-O c6 15. Kh1 d5
16. cxd5 Nxd5 17. Nxd5 cxd5 18. fxe5 Bxe5 19. d4 Bg7 20. Qb3 Ng5 21. Qxd5 Be6
22. Qxd8 Rfxd8 23. Nc3 Rac8 24. Bb2 b6 25. Ra1 Rc4 26. Ra6 Rb8 27. Rfa1 h5 28.
R1a4 Rbc8 29. Rxc4 Rxc4 30. Rxb6 Rb4 31. h4 Rxb2 32. hxg5 Bc4 33. Bd5 Rc2 34.
Bxc4 Rxc3 35. Rb8+ Kh7 36. Bg8+ Kh8 37. Re8 Rc2 38. Bb3+ 1-0

[Event "BL 1718 SK Norderstedt - DJK Aachen"]
[Site "Hamburg"]
[Date "2017.12.09"]
[Round "5.8"]
[White "Bohnsack, Ralf"]
[Black "Braun, Christian"]
[Result "0-1"]
[WhiteElo "2153"]
[BlackElo "2376"]
[PlyCount "100"]
[EventDate "2017.??.??"]

1. d4 g6 2. c4 Bg7 3. Nf3 d6 4. Nc3 Nc6 5. g3 Bg4 6. Be3 Qd7 7. Bg2 e5 8. dxe5
dxe5 9. O-O Nge7 10. Qa4 Nd4 11. Qxd7+ Bxd7 12. Bxd4 exd4 13. Nb5 O-O 14. Nbxd4
c5 15. Nb5 Bxb2 16. Rad1 Bc6 17. Ng5 h6 18. Rd2 Be5 19. Ne4 a6 20. Na3 b6 21.
e3 Rad8 22. f4 Rxd2 23. Nxd2 Rd8 24. Ne4 Bb2 25. Nc2 f5 26. Nf2 Bxg2 27. Kxg2
Rd2 28. Ne1 Bc3 29. Ned3 Rxa2 30. Rb1 Ba5 31. Ne5 Rd2 32. Kf3 Rd6 33. Rb3 Bb4
34. g4 a5 35. gxf5 gxf5 36. Nfd3 Nc6 37. Rb2 Nxe5+ 38. Nxe5 Bc3 39. Rg2+ Kf8
40. e4 a4 41. Ra2 Bxe5 42. fxe5 Rd3+ 43. Kf4 fxe4 44. Rxa4 e3 45. Kf3 Ke7 46.
Ra7+ Ke6 47. Rh7 e2+ 48. Kxe2 Rh3 49. Rb7 Kxe5 50. Rxb6 Kd4 0-1

[Event "BL 1718 SV Mülheim Nord - SK Schwäbis"]
[Site "?"]
[Date "2017.12.10"]
[Round "6.1"]
[White "Laznicka, Viktor"]
[Black "Beerdsen, Thomas"]
[Result "1-0"]
[WhiteElo "2647"]
[BlackElo "2419"]
[PlyCount "91"]
[EventDate "2017.??.??"]

1. d4 Nf6 2. c4 e6 3. Nf3 b6 4. g3 Bb7 5. Bg2 Be7 6. O-O O-O 7. Nc3 Ne4 8. Bd2
f5 9. Qc2 Nxc3 10. Bxc3 Be4 11. Qd2 Bf6 12. Ne1 Bxg2 13. Nxg2 d5 14. Nf4 Re8
15. cxd5 exd5 16. Qd3 Qd7 17. Rac1 Nc6 18. b4 a6 19. a4 Ne7 20. Bd2 Nc8 21. Qb3
Rd8 22. Be3 c6 23. Qc2 Ne7 24. Nh5 Qe6 25. a5 bxa5 26. bxa5 Rdb8 27. Qd2 h6 28.
Rc3 Rb5 29. Bf4 Rc8 30. Rfc1 Ng6 31. Re3 Qf7 32. Nxf6+ Qxf6 33. Be5 Qd8 34. Rc5
Rb1+ 35. Kg2 Qg5 36. f3 Nh4+ 37. Kf2 Rh1 38. Bf4 Rxh2+ 39. Kg1 Rg2+ 40. Kh1 Qg6
41. Qe1 Re8 42. gxh4 Rxe3 43. Bxe3 Rg3 44. Kh2 Rg2+ 45. Kh3 f4 46. Bf2 1-0

[Event "BL 1718 SV Mülheim Nord - SK Schwäbis"]
[Site "?"]
[Date "2017.12.10"]
[Round "6.2"]
[White "Levin, Felix"]
[Black "Postny, Evgeny"]
[Result "1/2-1/2"]
[WhiteElo "2475"]
[BlackElo "2581"]
[PlyCount "51"]
[EventDate "2017.??.??"]

1. d4 d5 2. c4 c6 3. cxd5 cxd5 4. Bf4 Nc6 5. e3 Nf6 6. Nc3 Bg4 7. Qb3 Na5 8.
Qa4+ Bd7 9. Qc2 e6 10. Bd3 Be7 11. Nf3 Nc6 12. a3 Nh5 13. Be5 f6 14. Bf4 Nxf4
15. exf4 f5 16. O-O Bf6 17. Qe2 O-O 18. Qe3 Qb6 19. Na4 Qa5 20. b3 Rac8 21.
Rfc1 b6 22. Nc3 b5 23. b4 Qb6 24. Bxb5 Rc7 25. Bxc6 Rxc6 26. Ne2 1/2-1/2